00169nam a2200073Ia 4500008004100000020000600041100001900047245002900066211105s9999 xx 000 0 und d a" a Digby, Anne  0aSecond term at Trebizon